000 00848nam a2200229Ia 4500
008 130821s1999 ag gr spa
020 _a9684264186
040 _aCo-BoUCM
_bspa
041 0 0 _aspa
060 _aWM 190
_25
100 1 _aKernberg, Otto F.
_9162501
245 1 0 _aTrastornos graves de la personalidad estrategias psicoterapéuticas
_cOtto F. Kernberg; traduccion de Jorge Abenamar Suárez
260 _aBuenos Aires (Argentina)
_bManual Moderno
_c1999
300 _a350 páginas
504 _aIncluye bibliografía e índice
650 0 4 _aPsicoterapia
_922877
650 0 4 _aPsiquiatría
_98004
650 0 4 _aTrastornos de la personalidad
_925760
700 1 _aAbenamar SUAREZ, Jorge
_etrad.
_9162502
765 1 0 _aSevere personality disorders
_bpsychotherapautic strategies.
942 _cLIBRO
_a15
_e1
_mK398t
_2NLM
_hWM 190
_n0
999 _c48446
_d48446